|
|
|
|
| LEADER |
04093nam a22003973i 4500 |
| 001 |
EBC30686252 |
| 003 |
MiAaPQ |
| 005 |
20231204023231.0 |
| 006 |
m o d | |
| 007 |
cr cnu|||||||| |
| 008 |
231204s2021 xx o ||||0 ger d |
| 020 |
|
|
|a 9783631854853
|q (electronic bk.)
|
| 020 |
|
|
|z 9783631842218
|
| 035 |
|
|
|a (MiAaPQ)EBC30686252
|
| 035 |
|
|
|a (Au-PeEL)EBL30686252
|
| 035 |
|
|
|a (OCoLC)1397575826
|
| 040 |
|
|
|a MiAaPQ
|b eng
|e rda
|e pn
|c MiAaPQ
|d MiAaPQ
|
| 100 |
1 |
|
|a Henryson, Hanna.
|
| 245 |
1 |
0 |
|a Gentrifiktionen :
|b Zur Gentrifizierung in Deutschsprachigen Berlin-Romanen Nach 2000.
|
| 250 |
|
|
|a 1st ed.
|
| 264 |
|
1 |
|a Frankfurt a.M. :
|b Peter Lang GmbH, Internationaler Verlag der Wissenschaften,
|c 2021.
|
| 264 |
|
4 |
|c ©2021.
|
| 300 |
|
|
|a 1 online resource (290 pages)
|
| 336 |
|
|
|a text
|b txt
|2 rdacontent
|
| 337 |
|
|
|a computer
|b c
|2 rdamedia
|
| 338 |
|
|
|a online resource
|b cr
|2 rdacarrier
|
| 490 |
1 |
|
|a Nordeuropaeische Arbeiten Zur Literatur, Sprache und Kultur / Northern European Studies in Literature, Language and Culture Series ;
|v v.13
|
| 505 |
0 |
|
|a Cover -- Dedication -- Danksagung -- Inhaltsverzeichnis -- 1 Einleitung -- 2 Forschungsgegenstände -- 2.1 Literatur -- 2.1.1 Die Großstadt in der Literatur -- 2.1.2 Berlin in der Literatur -- 2.2 Gentrifizierung -- 2.2.1 Zum Begriff -- 2.2.2 Gentrifizierung in Berlin -- 2.3 Gentrifizierung in der (Großstadt-)Literatur -- 3 Grundlagen der Analyse -- 3.1 Literaturtheoretischer Rahmen -- 3.2 Soziologischer Rahmen -- 3.2.1 Bourdieus Studien zu sozialen Unterschieden -- 3.2.2 Bourdieu in der Gentrifizierungsforschung -- 3.3 Vorgehensweise -- 4 Der ‚Pionier': Kress von Aljoscha Brell -- 4.1 Struktur und Figurenkonstellation -- 4.2 Der unfreiwillige ‚Pionier' -- 4.3 Sozioökonomische Vielfalt und Aufwertung in Neukölln -- 5 Die ambivalente Mittelklasse: Teil der Lösung von Ulrich Peltzer -- 5.1 Struktur und Figurenkonstellation -- 5.2 Wettbewerb um Raum: Aufwertung in Prenzlauer Berg, Mitte und Kreuzberg -- 5.3 Überwachung und Widerstand in der gentrifizierten Stadt -- 5.4 Prekäre Mittelklassenexistenzen -- 6 Der ‚Finanzialisierer': Der amerikanische Investor von Jan Peter Bremer -- 6.1 Struktur und Figurenkonstellation -- 6.2 Auszugsdruck und Ortsverbundenheit: Nachbarschaft als mentale Kategorie -- 6.3 Die ‚Entbettung' sozialer Prozesse -- 7 Die Alteingesessenen und die Verdrängten: Walpurgistag von Annett Gröschner -- 7.1 Struktur und Figurenkonstellation -- 7.2 ‚Prenzelberg' als Schauplatz der Gentrifizierung -- 7.3 Widerstand, Konflikt und soziale Unterschiede -- 8 Fazit -- 8.1 Figurenkonstellationen als soziale Beziehungen -- 8.2 Gentrifizierung: Stratifizierung der Möglichkeiten -- 8.3 Die gentrifizierte ‚Textstadt' Berlin -- 8.4 Ausblick -- 9 Bibliographie -- 9.1 Primärliteratur -- 9.1.1 Druckquellen -- 9.1.2 Audiovisuelle Medien -- 9.2 Sekundärliteratur -- 9.2.2 Druckquellen -- 9.2.2 Digitale Quellen.
|
| 520 |
|
|
|a In dieser Studie wird untersucht, wie Gentrifizierung und damit verbundene Phänomene wie Verdrängung, Prekarität und Überwachung literarisch verarbeitet werden. Im Mittelpunkt der Analyse von vier Berlin-Romanen steht der Wettbewerb um den urbanen Raum. Machtverhältnisse zwischen sozialen Gruppen manifestieren sich durch die Figurenkonstellationen.
|
| 588 |
|
|
|a Description based on publisher supplied metadata and other sources.
|
| 590 |
|
|
|a Electronic reproduction. Ann Arbor, Michigan : ProQuest Ebook Central, 2023. Available via World Wide Web. Access may be limited to ProQuest Ebook Central affiliated libraries.
|
| 655 |
|
4 |
|a Electronic books.
|
| 776 |
0 |
8 |
|i Print version:
|a Henryson, Hanna
|t Gentrifiktionen
|d Frankfurt a.M. : Peter Lang GmbH, Internationaler Verlag der Wissenschaften,c2021
|z 9783631842218
|
| 797 |
2 |
|
|a ProQuest (Firm)
|
| 830 |
|
0 |
|a Nordeuropaeische Arbeiten Zur Literatur, Sprache und Kultur / Northern European Studies in Literature, Language and Culture Series
|
| 856 |
4 |
0 |
|u https://ebookcentral.proquest.com/lib/matrademy/detail.action?docID=30686252
|z Click to View
|